Quantitative techniques for business: (Record no. 1867)
[ view plain ]
| 000 -LEADER | |
|---|---|
| fixed length control field | 00628nam a22001697a 4500 |
| 008 - FIXED-LENGTH DATA ELEMENTS--GENERAL INFORMATION | |
| fixed length control field | 160420b xxu||||| |||| 00| 0 eng d |
| 020 ## - INTERNATIONAL STANDARD BOOK NUMBER | |
| International Standard Book Number | 9789710445004 |
| 082 ## - DEWEY DECIMAL CLASSIFICATION NUMBER | |
| Edition number | 2006 |
| Classification number | DFil 658.4033 |
| Item number | Si7 |
| 100 ## - MAIN ENTRY--PERSONAL NAME | |
| 9 (RLIN) | 5957 |
| Personal name | Sirug, Winston S. |
| 245 ## - TITLE STATEMENT | |
| Title | Quantitative techniques for business: |
| Remainder of title | operations research/ management science quantitative/decision science/ |
| Statement of responsibility, etc. | Winston S. Sirug |
| 260 ## - PUBLICATION, DISTRIBUTION, ETC. (IMPRINT) | |
| Place of publication, distribution, etc. | Manila: |
| Name of publisher, distributor, etc. | Mindshapers Co.,Inc., |
| Date of publication, distribution, etc. | c2006. |
| 300 ## - PHYSICAL DESCRIPTION | |
| Extent | viii, 346 pages: |
| Other physical details | illustrations; |
| Dimensions | 25 cm. |
| 500 ## - GENERAL NOTE | |
| General note | Include bibliography |
| 650 #0 - SUBJECT ADDED ENTRY--TOPICAL TERM | |
| 9 (RLIN) | 5958 |
| Topical term or geographic name as entry element | Management |
| General subdivision | Mathematical models |
| 650 #0 - SUBJECT ADDED ENTRY--TOPICAL TERM | |
| 9 (RLIN) | 5959 |
| Topical term or geographic name as entry element | Problem solving |
| 942 ## - ADDED ENTRY ELEMENTS (KOHA) | |
| Source of classification or shelving scheme | Dewey Decimal Classification |
| Koha item type | Filipiniana |
| Withdrawn status | Lost status | Source of classification or shelving scheme | Damaged status | Not for loan | Collection code | Home library | Current library | Shelving location | Date acquired | Source of acquisition | Total Checkouts | Full call number | Barcode | Date last seen | Date last checked out | Copy number | Cost, replacement price | Price effective from | Koha item type |
|---|---|---|---|---|---|---|---|---|---|---|---|---|---|---|---|---|---|---|---|
| Dewey Decimal Classification | Filipiniana | UM Digos College - LIC | UM Digos College - LIC | Book Cart | 07/06/2011 | Purchased | 6 | DFil 658.4033 Si7 2006 | 21590 | 06/08/2021 | 08/14/2020 | 1 | 530.00 | 04/20/2016 | Filipiniana | ||||
| Dewey Decimal Classification | Filipiniana | UM Digos College - LIC | UM Digos College - LIC | Book Cart | 09/01/2007 | Purchased | 17 | DFil 658.4033 Si7 2006 | 19199 | 06/17/2025 | 06/05/2025 | 2 | 04/30/2016 | Filipiniana |
